00850 a2200169 4500003000500000005001700005010001600022020001500038040000900053082001700062100002400079245006300103260004600166300004700212505038000259650004100639Nust20221124110918.0 a 99054392 a0534951511 cNust00a519.4028,CHA1 aChapman, Stephen J.10aProgrammingin matlab for engineers / cStephen J. Chapman. aPacific Grove, CA :bBrooks/Cole,cc2000. axvii, 444 p. :bill. (some col.) ;c23 cm. aIntroduction to MATLAB (Page-11), MATLAB Basics (Page-26), Branching Statements and Program Design (Page-71), Loops (Page-117), User-Defined Functions (Page-158), Additional Data Types and Plot Types (Page-199), Advanced Features (Page-239), Input/Output Functions (Page-278), Handle Graphics (Page-316), Graphical user Interfaces (Page-337), The MATLAB Complier (Page-388). 0aNumerical analysisxData processing.